000 00348nam a2200133Ia 4500
008 190415s9999 xx 000 0 und d
082 _aTB.0118
100 _aBraham Prakash
245 0 _aInstitutional change in rural economy with special reference to western U.P.
250 _aAgra University
260 _c1971
300 _a503
942 _cBK
999 _c15778
_d15778